11 rebels 2024 / directed by Kazuya Shiraishi ; story by Kasahara Kazuo ; produced by Daisuke Takahashi. (Record no. 20779)

000 -LEADER
fixed length control field 00906nam a22002297a 4500
008 - FIXED-LENGTH DATA ELEMENTS--GENERAL INFORMATION
fixed length control field 250527b xxu||||| |||| 00| 0 eng d
040 ## - CATALOGING SOURCE
Original cataloging agency Cagayan State University
Description conventions RDA
082 ## - DEWEY DECIMAL CLASSIFICATION NUMBER
Classification number 791.4372
Item number A11116 2024
245 ## - TITLE STATEMENT
Title 11 rebels 2024 / directed by Kazuya Shiraishi ; story by Kasahara Kazuo ; produced by Daisuke Takahashi.
260 ## - PUBLICATION, DISTRIBUTION, ETC. (IMPRINT)
Place of publication, distribution, etc Japan :
Name of publisher, distributor, etc Toei Kyoto Studios ;
-- Toei,
Date of publication, distribution, etc 2024.
300 ## - PHYSICAL DESCRIPTION
Extent 1 videofile, (ca. 155 mins.)
Other physical details sound, color.
520 ## - SUMMARY, ETC.
Summary, etc A motley squad of criminals and samurai undertakes a desperate defense of a fortress, their stand triggered by clashing interests of the Shibata clan.
650 ## - SUBJECT ADDED ENTRY--TOPICAL TERM
Topical term or geographic name as entry element Action.
650 ## - SUBJECT ADDED ENTRY--TOPICAL TERM
Topical term or geographic name as entry element Drama.
700 ## - ADDED ENTRY--PERSONAL NAME
Personal name Yamada, Takayuki, star.
700 ## - ADDED ENTRY--PERSONAL NAME
Personal name Nakano, Taiga, star.
700 ## - ADDED ENTRY--PERSONAL NAME
Personal name Sayashi, Riho, star.
700 ## - ADDED ENTRY--PERSONAL NAME
Personal name Onoe, Ukon, star.
700 ## - ADDED ENTRY--PERSONAL NAME
Personal name Ikeda, Naoya, cinematographer.
700 ## - ADDED ENTRY--PERSONAL NAME
Personal name Kato, Hitami, editor.
942 ## - ADDED ENTRY ELEMENTS (KOHA)
Source of classification or shelving scheme
Item type Audio-Visual Materials
Holdings
Source of acquisition Price effective from Permanent location Date last seen Not for loan Date acquired Source of classification or shelving scheme Koha item type Collection code Shelving location Damaged status Lost status Withdrawn status Current location Full call number
Donation2025-05-27Cagayan State University - Carig Library2025-05-27 2025-05-27 Audio-Visual MaterialsElectronic Media CenterElectronic Media Center   Cagayan State University - Carig Library791.4372 A11116 2024

Cagayan State University University Library, Carig Campus
Tuguegarao City, Cagayan 3500 | www.csucarig.edu.ph

Powered by Koha